<?xml version="1.0" encoding="UTF-8"?>
<record
    xmlns:xsi="http://www.w3.org/2001/XMLSchema-instance"
    xsi:schemaLocation="http://www.loc.gov/MARC21/slim http://www.loc.gov/standards/marcxml/schema/MARC21slim.xsd"
    xmlns="http://www.loc.gov/MARC21/slim">

  <leader>00987nam a22002417a 4500</leader>
  <controlfield tag="005">20250123103518.0</controlfield>
  <controlfield tag="008">241113b           ||||| |||| 00| 0 eng d</controlfield>
  <datafield tag="020" ind1=" " ind2=" ">
    <subfield code="a">9788196434663</subfield>
  </datafield>
  <datafield tag="040" ind1=" " ind2=" ">
    <subfield code="c">AL</subfield>
  </datafield>
  <datafield tag="041" ind1=" " ind2=" ">
    <subfield code="a">Kannada</subfield>
  </datafield>
  <datafield tag="082" ind1=" " ind2=" ">
    <subfield code="2">23</subfield>
    <subfield code="a">920K</subfield>
    <subfield code="b">RAON</subfield>
  </datafield>
  <datafield tag="100" ind1=" " ind2=" ">
    <subfield code="a">Premi M Rao and others</subfield>
    <subfield code="9">194752</subfield>
  </datafield>
  <datafield tag="100" ind1=" " ind2=" ">
    <subfield code="a"> &#xCAA;&#xCCD;&#xCB0;&#xCC7;&#xCAE;&#xCBF; &#xC8E;&#xC82; &#xCB0;&#xCBE;&#xCB5;&#xCCD; </subfield>
    <subfield code="9">194753</subfield>
  </datafield>
  <datafield tag="245" ind1=" " ind2=" ">
    <subfield code="a">Neevu Kandariyada Kudmul Ranga Rao</subfield>
    <subfield code="b">&#xCA8;&#xCC0;&#xCB5;&#xCC1; &#xC95;&#xC82;&#xCA1;&#xCB0;&#xCBF;&#xCAF;&#xCA6; &#xC95;&#xCC1;&#xCA6;&#xCCD;&#xCAE;&#xCC1;&#xCB2;&#xCCD; &#xCB0;&#xC82;&#xC97;&#xCB0;&#xCBE;&#xCB5;&#xCCD;</subfield>
  </datafield>
  <datafield tag="260" ind1=" " ind2=" ">
    <subfield code="a">Bengaluru &#xCAC;&#xCC6;&#xC82;&#xC97;&#xCB3;&#xCC2;&#xCB0;&#xCC1; </subfield>
    <subfield code="b">Bahuroopi &#xCAC;&#xCB9;&#xCC1;&#xCB0;&#xCC2;&#xCAA;&#xCBF; </subfield>
    <subfield code="c">2024</subfield>
  </datafield>
  <datafield tag="300" ind1=" " ind2=" ">
    <subfield code="a">144 p.</subfield>
    <subfield code="b">PB</subfield>
    <subfield code="c">22x14 cm.</subfield>
  </datafield>
  <datafield tag="365" ind1=" " ind2=" ">
    <subfield code="a">BLCR-045</subfield>
    <subfield code="b">&#x20B9;144.00</subfield>
    <subfield code="c">&#x20B9;</subfield>
    <subfield code="d">&#x20B9;180.00</subfield>
    <subfield code="e">20%</subfield>
    <subfield code="f">11-11-2024</subfield>
  </datafield>
  <datafield tag="650" ind1=" " ind2=" ">
    <subfield code="a">Biography</subfield>
    <subfield code="9">185291</subfield>
  </datafield>
  <datafield tag="650" ind1=" " ind2=" ">
    <subfield code="a">An insight into the life of Kudmul Ranga Rao</subfield>
    <subfield code="9">185292</subfield>
  </datafield>
  <datafield tag="700" ind1=" " ind2=" ">
    <subfield code="a">PANDURANGA RAO (G) &#xCAA;&#xCBE;&#xC82;&#xCA1;&#xCC1;&#xCB0;&#xC82;&#xC97; &#xCB0;&#xCBE;&#xCB5;&#xCCD; (&#xC9C;&#xCBF; )</subfield>
    <subfield code="9">185294</subfield>
  </datafield>
  <datafield tag="700" ind1=" " ind2=" ">
    <subfield code="a">VIVEKA RAI (B A) tr &#xCB5;&#xCBF;&#xCB5;&#xCC7;&#xC95; &#xCB0;&#xCC8; (&#xCAC;&#xCBF; &#xC8E; )</subfield>
    <subfield code="9">185295</subfield>
  </datafield>
  <datafield tag="942" ind1=" " ind2=" ">
    <subfield code="2">ddc</subfield>
    <subfield code="c">BK</subfield>
  </datafield>
  <datafield tag="999" ind1=" " ind2=" ">
    <subfield code="c">231912</subfield>
    <subfield code="d">231912</subfield>
  </datafield>
  <datafield tag="952" ind1=" " ind2=" ">
    <subfield code="0">0</subfield>
    <subfield code="1">0</subfield>
    <subfield code="2">ddc</subfield>
    <subfield code="4">0</subfield>
    <subfield code="7">0</subfield>
    <subfield code="8">KAN</subfield>
    <subfield code="a">AL</subfield>
    <subfield code="b">AL</subfield>
    <subfield code="d">2024-11-13</subfield>
    <subfield code="e">Navakarnataka Publications Pvt Ltd Mangaluru-575001</subfield>
    <subfield code="g">144.00</subfield>
    <subfield code="l">1</subfield>
    <subfield code="o">920K RAON</subfield>
    <subfield code="p">077367</subfield>
    <subfield code="r">2025-01-13 00:00:00</subfield>
    <subfield code="s">2025-01-02</subfield>
    <subfield code="v">180.00</subfield>
    <subfield code="w">2024-11-13</subfield>
    <subfield code="y">BK</subfield>
  </datafield>
</record>
